Statistics for J. Cole - everybody dies lyrics

Click here to take the quiz!

General Stats

  • This quiz has been taken 35 times
  • The average score is 231 of 337

Answer Stats

Lyrics% Correct
I
100%
n
100%
s
100%
the
97%
The
97%
A
93%
a
93%
F
90%
f
90%
it
90%
Of
90%
of
90%
to
90%
we
90%
You
90%
you
90%
in
87%
Back
83%
back
83%
can
83%
no
83%
rapper
83%
return
83%
when
83%
with
83%
be
80%
die
80%
I'm
80%
it's
80%
just
80%
Mr.
80%
rappers
80%
he
77%
that
77%
Ain't
73%
ain't
73%
But
73%
Cole
73%
end
73%
know
73%
mash
73%
on
73%
one
73%
One
73%
perfectly
73%
who
73%
and
70%
blessed
70%
Burn
70%
button
70%
can't
70%
'Cause
70%
everybody
70%
me
70%
not
70%
Not
70%
protection
70%
small
70%
Sucker
70%
crib
67%
day
67%
definition
67%
gotta
67%
if
67%
If
67%
independent
67%
infested
67%
little
67%
mass
67%
please
67%
take
67%
weapon
67%
Yeah
67%
your
67%
break
63%
herpes
63%
major
63%
Muhammad
63%
need
63%
recommended
63%
sorta
63%
style
63%
Then
63%
then
63%
top
63%
was
63%
would
63%
addicted
60%
bus
60%
corner
60%
destruction
60%
favorite
60%
floor
60%
him
60%
kinda
60%
knew
60%
left
60%
most
60%
room
60%
short
60%
these
60%
These
60%
this
60%
toast
60%
why
60%
better
57%
Cryin'
57%
don't
57%
Fake
57%
fake
57%
Get
57%
Lil'
57%
Line
57%
meant
57%
Never
57%
order
57%
slaughter
57%
tall
57%
week
57%
6'4
53%
at
53%
bread
53%
Bunch
53%
dissin'
53%
eight
53%
gatekeep
53%
hate
53%
it'll
53%
like
53%
more
53%
my
53%
OG
53%
piss
53%
really
53%
sayin'
53%
think
53%
whatever
53%
cheddar
50%
complex
50%
duck
50%
exposed
50%
for
50%
gettin'
50%
hit
50%
I'mma
50%
Napoleon
50%
next
50%
poor
50%
Revenue
50%
standin'
50%
try
50%
words
50%
another
47%
borderline
47%
close
47%
discussion
47%
good
47%
heat
47%
man
47%
reload
47%
they
47%
turn
47%
up
47%
wanted
47%
white
47%
amateur
43%
by
43%
Clap
43%
days
43%
deep
43%
didn't
43%
drug
43%
Especially
43%
into
43%
light
43%
streets
43%
Chosen
40%
comin'
40%
Father
40%
ghost
40%
morning
40%
Straight
40%
through
40%
tuck
40%
ask
37%
dealers
37%
tour
37%
ass
33%
Old
33%
Pitchfork
33%
Reminisce
33%
walls
33%
'bout
30%
eat
30%
Look
30%
oh
30%
workin'
30%
mfs
27%
talking
27%
trappers
23%
clips
17%
hipster
17%
windows
17%
remembers
10%
weren't
10%

Score Distribution

Percentile by Number Answered

Percent of People with Each Score

Your Score History

You have not taken this quiz